| 000 | 03480nam0a2200625 4500 | ||
|---|---|---|---|
| 001 | RU\NLR\A2\5933 | ||
| 005 | 20260408084255.0 | ||
| 035 | _a(NLR Aleph) 009859450 | ||
| 090 |
_a10380320 _c10380320 |
||
| 100 | _a19961018d1790 u y0rusy50 ca | ||
| 101 | 0 | _ager | |
| 102 | _aRU | ||
| 135 | _acrcn 024anaba | ||
| 140 | _ab y |||||||| ya 1000 | ||
| 200 | 1 |
_aKurze geographische Beschreibung des Russischen Reichs, _eauf den Allerhöchsten Befehl der regierenden Kaiserinn Katharina der Zweiten für die öffentlichen Schulen des Russischen Reichs herausgegeben |
|
| 210 |
_aSt. Petersburg [St.- Peterburg _cJohann Karl Schnoor] _d1790 |
||
| 215 |
_a[10], 118 с. _d8° (20 см) |
||
| 304 | _aАвт.: Johann Friedrich Hackmann. Установл. по: Сводный каталог книг на иностранных языках, изданных в России в XVIII веке. 1701-1800. Т. 2. — Л., 1985. — С. 5 | ||
| 306 | _aТип. установл. по: Сводный каталог книг на иностранных языках, изданных в России в XVIII веке. 1701-1800. Т. 2. — Л., 1985. — С. 5 | ||
| 307 | _aЗаставки. С. 69 ошибочно помеч.: 79 | ||
| 310 | _aНа тит. л. цена: Das Exemplar kostet ungebunden 30 Kopeken | ||
| 316 |
_aЭкз. РНБ (13.3.8.56): Красный кожан. пер. с золотым тиснением. Золотой обрез _5NLR: 13.3.8.56 |
||
| 316 |
_aЭкз. РНБ (13.3.8.56a): Размер: 21 см. Желтый обрез _5NLR: 13.3.8.56a |
||
| 317 |
_aЭкз. РНБ (13.3.8.56): Экслибрис: Императорская Эрмитажная иностранная библiотека _5NLR: 13.3.8.56 |
||
| 321 | 1 | _aСК XVIII(ин.) 1206 | |
| 325 | _aКопия доступна в Электрон. б-ке РНБ | ||
| 540 | 1 | _aКраткое географическое описание Российской империи | |
| 607 |
_aРоссия _xГеография _92414612 _3RU\NLR\AUTH\661438397 |
||
| 620 | _dSt.- Peterburg | ||
| 686 | 3 | _aД890(28) | |
| 700 | 1 |
_4070 _7ba _8ger _aHackmann _bJ. F. _f1756-1812 _gJohann Friedrich _9228851 _3RU\NLR\AUTH\770228907 |
|
| 702 | 1 |
_4610 _7ba _8ger _aSchnoor _bJ. K. _f1738-1812 _gJohann Karl _9158236 _3RU\NLR\AUTH\770158277 |
|
| 712 | 0 | 2 |
_4390 _aЭрмитаж _cПетербург _bБиблиотека _3RU\NLR\AUTH\8810185935 _9866833 |
| 801 | 0 |
_aRU _bNLR _c19961018 |
|
| 852 |
_aNLR _bRossica _j13.3.8.56 |
||
| 852 |
_aNLR _bRossica _j13.3.8.56a |
||
| 856 | 0 | _uhttps://vivaldi.nlr.ru/bx000026624/view | |
| 856 | 1 | _uhttps://vivaldi.nlr.ru/bx000026624/cover | |
| 856 | 2 | _uhttps://vivaldi.nlr.ru/bx000026624/text | |
| 942 | _cBOOK | ||
| 980 | _aNB | ||
| 980 | 3 | _akproman | |
| 980 | 3 | _akp2021 | |
| 980 | 3 | _akp | |
| 980 | _aRossica | ||
| 980 | _ain18 | ||
| 981 | 2 | 2 |
_a(22) Материалы по истории России _b(22) Территория |
| 981 | 2 | 0 |
_a(20) Книжные памятники РНБ _b(20) Россика |